[Event "Helsinki op"]
[Site "Helsinki"]
[Date "1992.??.??"]
[Round "2"]
[White "Kuzmin, Gennadi P"]
[Black "Ehlvest, Jaan"]
[Result "0-1"]
[WhiteElo "2530"]
[BlackElo "2635"]
[Annotator "Boensch,U"]
[PlyCount "64"]
[EventDate "1992.09.??"]
[EventType "swiss"]
[EventRounds "9"]
[EventCountry "FIN"]
[SourceTitle "CBM 032"]
[Source "ChessBase"]
[SourceDate "1993.02.01"]
[SourceVersion "1"]
[SourceVersionDate "1993.02.01"]
[SourceQuality "1"]

1. e4 c5 2. Nf3 e6 3. d4 cxd4 4. Nxd4 Nf6 5. Nc3 d6 6. Be2 Be7 7. O-O Nc6 8.
Be3 Bd7 $5 9. Ndb5 Qb8 10. a4 O-O 11. Bf4 (11. f4 Rd8 12. Bf3 Be8 13. Qe2 a6
14. Na3 (14. Nd4 Qc7 $10 {-ECO}) 14... d5 15. exd5 exd5 16. Bb6 Rd6 17. Qf2 Qc8
18. Rae1 $16 {Vogt,L-Uusi,G Tallinn 1981 1/2 53}) 11... Ne5 12. Bg3 (12. Bg5 a6
13. Nd4 Nc6 14. Nb3 b6 15. Qd2 Rd8 $13 {-ECO}) 12... a6 13. Na3 (13. Nd4 Rc8
$10) 13... Bc6 14. f4 Ned7 15. Bd3 Nc5 16. Qe2 b5 $1 (16... Nxa4 $2 17. Nxa4
Bxa4 18. e5 dxe5 19. fxe5 Nd5 20. Qe4 $18) 17. axb5 axb5 18. Bxb5 (18. Naxb5
Rxa1 19. Rxa1 Nxd3 20. Qxd3 Nxe4 $17) 18... Ncxe4 $1 19. Nxe4 Nxe4 20. Bxc6
Qb6+ 21. Bf2 Qxc6 $15 22. Be3 d5 23. c4 Bf6 24. cxd5 exd5 25. Nb5 Rab8 26. Nd4
$2 Qb6 27. Qd3 (27. Nf5 d4) 27... Rfe8 28. Rfc1 Nc5 29. Qc3 Rxe3 $1 $19 30.
Qxe3 Nb3 31. Nf5 Qxe3+ 32. Nxe3 Bxb2 0-1

[Event "Valby K41"]
[Site "Valby"]
[Date "1991.??.??"]
[Round "7"]
[White "Nielsen, Peter Heine"]
[Black "Vogt, Lothar"]
[Result "0-1"]
[WhiteElo "2445"]
[BlackElo "2510"]
[Annotator "Boensch,U"]
[PlyCount "74"]
[EventDate "1991.09.??"]
[EventType "tourn"]
[EventRounds "9"]
[EventCountry "DEN"]
[EventCategory "10"]
[SourceTitle "CBM 027"]
[Source "ChessBase"]
[SourceDate "1992.04.01"]
[SourceVersion "1"]
[SourceVersionDate "1992.04.01"]
[SourceQuality "1"]

1. e4 c5 2. Nf3 e6 3. d4 cxd4 4. Nxd4 Nf6 5. Nc3 d6 6. Be2 Be7 7. O-O O-O 8. f4
(8. Be3) 8... Qb6 9. Kh1 (9. Be3 $5 Qxb2 10. Qd2 (10. Ncb5 $2 Qb4 11. Nc7 Qc3
12. Nxa8 Qxe3+ 13. Kh1 Nxe4 $17 {Zude,A-Adorjan,A BL 1989/90}) 10... Qb4 11.
Rab1 Qa5 12. Nd5 Qd8 13. Nxe7+ (13. Nxf6+ $6 Bxf6 14. Nb5 d5 15. e5 Be7 16.
Nxa7 Nc6 $15 {Cela-Adorjan,A Novi Sad (ol) 1990}) 13... Qxe7 14. Bf3 Nc6 (14...
d5 15. e5 Ne4 $14 {1/2 Unzicker,W-Adorjan,A FRG 1989}) 15. Rfd1 d5 16. e5 Nd7
17. c4 $6 (17. Nb5 $16) 17... Nb6 $10 {Unzicker,W-Vogt,L Wildbad 1990}) 9...
Nc6 10. Nb3 (10. Be3 $5 Qxb2 11. Qd2 (11. Ncb5 Qb4 12. Nc7 Rb8 13. Rb1 Qa5 14.
Nxc6 bxc6 15. Rxb8 Qxc7 16. Rb4 c5 17. Rc4 d5 18. exd5 exd5 19. Ra4 Bf5 $15)
11... Qa3 12. Rab1 Kh8 13. Rb5 e5 $13 {Lawson,D-Horvath,J Haifa 1989}) 10...
Qc7 (10... a6 $6 11. a4 Qc7 12. a5 $14) 11. Be3 a6 12. a4 b6 13. Bf3 Bb7 14. g4
$2 (14. Qe2 $14) 14... d5 $1 15. e5 (15. exd5 Nb4 16. dxe6 Nxg4 $17) 15... Ne4
$2 (15... Nxg4 $1 16. Bxg4 d4 $17) 16. Nxe4 dxe4 17. Bg2 (17. Bxe4 Nxe5 $17)
17... Nb4 18. c3 Nd5 19. Qe2 g5 $1 {X e5} 20. f5 Nxe3 21. Qxe3 Qxe5 22. Rae1
Rae8 23. Nd4 h6 24. Qh3 Kg7 25. Re3 Bf6 26. fxe6 fxe6 27. Rfe1 Qc7 28. Bxe4
Bxd4 29. cxd4 Rf2 30. Qg3 Rf4 31. Qg2 Rxe4 $1 32. Rxe4 Rf8 33. Kg1 Rf4 34. h3
Rxe4 35. Rxe4 Qc1+ 36. Kh2 Bd5 (36... Qb1 $2 37. Re1 $10) 37. Qe2 Qb1 {Boensch}
(37... Qb1 38. Re5 Qh1+ 39. Kg3 Qg1+ $19) 0-1

[Event "Brno Morava-A"]
[Site "Brno"]
[Date "1991.??.??"]
[Round "7"]
[White "Mokry, Karel"]
[Black "Boensch, Uwe"]
[Result "1-0"]
[WhiteElo "2525"]
[BlackElo "2560"]
[Annotator "Boensch,U"]
[PlyCount "95"]
[EventDate "1991.09.??"]
[EventType "tourn"]
[EventRounds "9"]
[EventCountry "CSR"]
[EventCategory "13"]
[SourceTitle "CBM 026"]
[Source "ChessBase"]
[SourceDate "1992.02.01"]
[SourceVersion "1"]
[SourceVersionDate "1992.02.01"]
[SourceQuality "1"]

1. e4 {Boensch} c5 2. Nf3 d6 3. d4 cxd4 4. Nxd4 Nf6 5. Nc3 e6 6. Be2 Nc6 7. Be3
Be7 8. f4 O-O 9. O-O Bd7 10. Nb3 a5 (10... a6 11. a4 Nb4 12. Bf3 Rc8 13. a5 Bc6
14. Nd4 d5 15. e5 Nd7 16. Nce2 Bb5 17. c3 Bxe2 18. Bxe2 Nc6 19. b4 $16 {
Rodriguez,Am-Borges Matos,J Capablanca mem (03) 1991 -CBM 26}) 11. a4 Nb4 12.
Bf3 e5 (12... Bc6 $6 13. Nd4 g6 14. Rf2 e5 15. Nxc6 bxc6 16. fxe5 dxe5 17. Qf1
$16 {Karpov,An-Spassky,B Leningrad (m/9) 1974}) 13. Rf2 (13. Kh1 Qc8 14. Rf2
Bg4 15. f5 Bxf3 16. Qxf3 Qc4 17. g4 d5 $13 {Geller,E-Boensch,U Sochi 1984 -Inf.
38/322}) (13. Qe2 Qc8 14. Rfc1 Be6 15. Nb5 Qc6 $6 (15... Bc4 $10) 16. Nd2 b6
17. c3 Na6 18. f5 Bd7 19. b4 $16 {Unzicker,W-Kortchnoi,V Baden-Baden 1981})
13... Bc6 14. Rd2 exf4 $6 {N} (14... Qc7 15. Kh1 b6 16. Nb5 Qb7 17. c3 Na6 18.
Nxd6 Bxd6 19. Rxd6 exf4 20. Rxc6 (20. Bxf4 Nxe4 $10) 20... Qxc6 21. e5 Ne4 22.
Bxf4 Nf2+ 23. Kg1 Nxd1 24. Bxc6 Nxb2 25. Bxa8 {1/2 Tukmakov,V-Plachetka,J
Odessa 1976 -Inf.22/505}) 15. Bxf4 Qb6+ 16. Kh1 Nd7 (16... Rfd8 17. Nd4 g6 18.
Qg1 $16) 17. Bxd6 Bxd6 18. Rxd6 Ne5 19. Nd5 Qf2 20. Ne7+ Kh8 21. c3 Rae8 (21...
Nbd3 22. Rxd3 Nxd3 23. Qxd3 Qxb2 24. Rb1 $18) (21... Na6 22. Qd4 $16) (21...
Nc4 22. cxb4 Nxd6 23. Qxd6 Qxb2 24. Nxc6 bxc6 25. Qd3 Rfd8 26. Qc4 $16) 22. Rd2
(22. Nxc6 Nbxc6 $44) 22... Qb6 23. cxb4 Rxe7 24. b5 (24. bxa5 Qe3 $13) 24...
Bd7 25. Rc1 Be6 26. Nc5 Bc4 27. Nd7 $1 Rxd7 28. Rxd7 Nxd7 29. Qxd7 (29. Rxc4
Ne5 $10) 29... Qe3 30. Rd1 Bb3 31. Qd4 Qg5 32. Ra1 Rc8 33. h3 h5 34. e5 h4 (
34... Rc4 35. Qb6 Rxa4 $14) 35. Bxb7 Rc4 36. Qf2 Rc2 37. Qd4 Rc4 38. Qd3 Rc1+
39. Rxc1 Qxc1+ 40. Kh2 Qf4+ 41. Kg1 (41. g3 Qf2+ 42. Kh1 (42. Bg2 $2 Bd5 $3 43.
Qxd5 hxg3+ 44. Kh1 Qe1+ 45. Bf1 Qxf1#) 42... hxg3 43. Qd8+ Kh7 44. Qh4+ Kg8 (
44... Kg6 45. Qg4+ $10) 45. Qd8+ $10) 41... Qc1+ $2 (41... Bxa4 42. b6 Qc1+ 43.
Qf1 Qxb2 44. Qxf7 Qxb6+ 45. Kh2 Qd4 46. Qf8+ (46. e6 Qe5+ 47. Kg1 Qe3+ $10)
46... Kh7 47. Qf5+ g6 48. Qf7+ Kh6 $10) 42. Qf1 Qxb2 43. Qf4 $1 Kg8 44. Bf3 Qc3
45. Qxh4 $18 Qa1+ 46. Kh2 Qxe5+ 47. Qg3 Qe6 48. Qc7 {/\ b6-b7-b8} 1-0

[Event "Madrid"]
[Site "Madrid"]
[Date "1995.??.??"]
[Round "3"]
[White "Short, Nigel D"]
[Black "Polgar, Judit"]
[Result "0-1"]
[WhiteElo "2655"]
[BlackElo "2630"]
[Annotator "Boensch,U"]
[PlyCount "72"]
[EventDate "1995.05.??"]
[EventType "tourn"]
[EventRounds "9"]
[EventCountry "ESP"]
[EventCategory "16"]
[SourceTitle "CBM 047"]
[Source "ChessBase"]
[SourceDate "1995.08.01"]
[SourceVersion "1"]
[SourceVersionDate "1995.08.01"]
[SourceQuality "1"]

1. e4 c5 2. Nf3 d6 3. d4 cxd4 4. Nxd4 Nf6 5. Nc3 e6 6. Be2 Be7 7. O-O O-O 8. f4
Nc6 9. Be3 e5 10. Nb3 a5 11. a3 $6 {Logischer sieht 11.a4 aus, Schwarz bekommt
das schöne N-Feld b4, doch der Raumgewinn am Q-Flügel wiegt m.E. schwerer.} (
11. a4 Nb4 12. Bf3 (12. Kh1 Qc7 13. Nd2 Bd7 14. Nc4 Ra6 15. Nb5 Qb8 16. fxe5
dxe5 17. c3 Rd8 18. cxb4 Bxb5 19. Qb3 Be8 20. Nb6 axb4 21. Bxa6 bxa6 $44 {
Milos,G-Markowski,T Oviedo 25' (05) 1993 0-1 41}) 12... Qc7 (12... Be6 13. f5
Bd7 14. Rf2 Bc6 15. Rd2 Qb8 16. Kh1 b6 17. Bg5 Rd8 18. Nb5 Na6 19. Bxf6 gxf6
20. Qe2 $16 {Garcia,G-Barrios,H Bogota Lat Cup (07) 1991 1-0 35}) (12... Bd7
13. Ne2 Ng4 14. Bxg4 Bxg4 15. h3 exf4 16. Bxf4 Be6 17. Nbd4 Bc4 18. Rf3 d5 19.
e5 Bxe2 20. Qxe2 Bc5 21. c3 Bxd4+ 22. cxd4 $10 {Utasi,T-Dragojlovic,A Budapest
Schneider mem op (5) 1991 1-0 44}) 13. Rf2 Bd7 14. f5 h6 15. g4 Nh7 16. Qf1 Bc6
17. Nb5 Bxb5 18. Qxb5 Ra6 19. c3 Nc6 20. Nd2 Bg5 21. Nf1 Nf6 22. Rd1 Rc8 23.
Rfd2 $14 {Saavedra,C-Kahyayee,K Novi Sad olm (01) BOL-IRN 1990 1-0 52}) 11...
a4 12. Nd2 $146 (12. Nc1 exf4 13. Rxf4 Be6 14. Nd5 Nd7 $13 {- ECO}) 12... exf4
13. Rxf4 Be6 (13... d5 $6 14. exd5 Nxd5 15. Nxd5 Qxd5 16. Nc4 $14 {Jetzt neigt
der Pa4 zur Schwäche.}) 14. Nc4 Nd7 $1 15. Rf1 (15. Nxd6 $2 Bg5 16. Rf3 Nde5
17. Rg3 Bxe3+ 18. Rxe3 Qb6 $19 {/\ Rd8}) 15... Qb8 16. Nd5 (16. Nb5 Nf6 17. Nb6
Ra5 $10) 16... Bd8 (16... Bxd5 17. Qxd5 Nf6 18. Qf5 $14 {^^}) 17. Nxd6 Bxd5 (
17... Qxd6 $4 18. Nf6+ $18) 18. Qxd5 $2 (18. exd5 Qxd6 19. dxc6 Qxc6 20. Bf3
$14) 18... Nf6 19. Qd1 (19. Qd3 Bc7 20. Rad1 Rd8 21. Rxf6 gxf6 22. Bf4 Ne5 23.
Qg3+ Ng6 24. Bc4 Qa7+ 25. Kh1 Bxd6 26. Bxd6 Qb6 $17) 19... Bc7 20. Rxf6 (20. e5
Nxe5 21. Nb5 Rd8 22. Qe1 (22. Qc1 Neg4 23. Nxc7 Qxc7 24. Bxg4 Nxg4 $17) 22...
Neg4 23. Nxc7 Qxc7 24. Bxg4 Nxg4 25. Bf4 Qxc2 26. Qg3 Qg6 $17) (20. Nf5 Bxh2+
21. Kh1 Nxe4 $17) 20... gxf6 21. Nf5 Kh8 (21... Bxh2+ {Gewinnt zwar den Ph2,
aber Schwarz verliert durch den notwendig gewordenen Rückzug des B ein
wertvolles Tempo.} 22. Kh1 Kh8 23. Bc4 $40) 22. h3 $2 (22. g3 $15) 22... Qe8 $1
$17 23. Bd3 Qe5 24. Kf1 Rg8 25. Nh6 Rg7 26. Ng4 Qxb2 27. Rb1 Qxa3 28. Rxb7 Qd6
$19 {a-P} 29. Qa1 Ne5 30. Bf4 a3 31. Rxc7 Rxg4 $1 32. hxg4 Qxc7 33. g5 Qc5 34.
Ke2 (34. gxf6 Ng4 35. Bg3 Qe3 $19) 34... a2 35. Be3 Qb4 36. Bd4 Qxd4 $1 0-1

[Event "ESP-chT CECLUB Honor"]
[Site "Sestao"]
[Date "2010.08.23"]
[Round "1"]
[White "Negi, Parimarjan"]
[Black "Moiseenko, Alexander"]
[Result "1-0"]
[WhiteElo "2615"]
[BlackElo "2667"]
[Annotator "CB"]
[PlyCount "66"]
[EventDate "2010.08.23"]
[EventType "team-tourn"]
[EventRounds "7"]
[EventCountry "ESP"]
[SourceTitle "CBM 138"]
[Source "ChessBase"]
[SourceDate "2010.09.17"]
[SourceVersion "1"]
[SourceVersionDate "2010.09.17"]
[SourceQuality "1"]

1. e4 c5 2. Nf3 Nc6 3. Nc3 d6 4. d4 cxd4 5. Nxd4 Nf6 6. Bg5 Qa5 7. Bb5 Bd7 8.
Nb3 Qd8 9. Be2 a6 10. a4 e6 11. a5 Be7 12. Be3 O-O 13. O-O Ne5 14. f4 Ng6 15.
Qd3 Re8 16. Kh1 Bf8 17. Bf3 Bc6 18. Nd4 Bd7 19. Nde2 Nh4 20. e5 dxe5 21. fxe5
Nxf3 22. Rxf3 Ng4 23. Bb6 Qc8 (23... Nxe5 $2 24. Bxd8 Nxd3 25. Rxd3 Raxd8 26.
Rad1 Re7 27. Nc1 $1 {with the idea of Nb3-c5.}) 24. Rh3 g6 25. Qg3 h5 26. Nf4
Bg7 {#} 27. Rxh5 $1 f5 ({Taking with} 27... gxh5 {loses to} 28. Nxh5 Qc4 29.
Nxg7 Kxg7 30. b3 $1 Qb4 31. Rd1 $1 {and the threat of Rd4 cannot be prevented.}
) ({The attempt to just leave the rook and take the e-pawn fails to} 27... Nxe5
28. Bd4 $1 Ng4 $5 {A little trap.} (28... gxh5 29. Bxe5) 29. Nxg6 $3 (29. Qxg4
$2 e5 30. Qg5 exd4 {And suddenly Black is winning instead.}) 29... fxg6 30.
Qxg4 e5 31. Qxg6 exd4 32. Qh7+ Kf7 33. Rf1+) 28. exf6 Nxf6 29. Rg5 Re7 30. Bd4
Ne8 31. Ne4 e5 32. Bxe5 Qc6 (32... Rxe5 33. Rxe5 Bxe5 34. Qxg6+ Bg7 35. Nd5 Qc4
36. Nef6+ Nxf6 37. Nxf6+ Kf8 38. Nxd7+ $18) 33. Nd6 Rxe5 1-0

[Event "Mercosur Cup"]
[Site "Villa Martelli"]
[Date "2009.08.12"]
[Round "9"]
[White "Obregon, Carlos Andres"]
[Black "Valerga, Diego"]
[Result "0-1"]
[WhiteElo "2406"]
[BlackElo "2523"]
[Annotator "CB"]
[PlyCount "70"]
[EventDate "2009.08.04"]
[EventType "tourn"]
[EventRounds "11"]
[EventCountry "ARG"]
[EventCategory "7"]
[SourceTitle "CBM 131 Extra"]
[Source "ChessBase"]
[SourceDate "2009.09.03"]
[SourceVersion "2"]
[SourceVersionDate "2009.09.16"]
[SourceQuality "1"]

1. e4 c5 2. Nf3 e6 3. d4 cxd4 4. Nxd4 Nf6 5. Nc3 d6 6. Be2 Be7 7. O-O O-O 8. f4
Qb6 9. Be3 Qxb2 10. Qd2 Qb4 11. Bd3 (11. Rab1 Qa5 12. Nd5 Qd8 13. Nxe7+ Qxe7
14. Bf3 Nc6 (14... d5 15. e5 Ne4 {1/2-1/2 Unzicker,W (2480)-Adorjan,A (2525)/
Germany 1989/GER-chT}) 15. Rfd1 d5 16. e5 Nd7 17. c4 Nb6 18. Nxc6 bxc6 19. Bxb6
axb6 20. Rxb6 Ba6 21. Rxc6 Bxc4 22. Rxc4 dxc4 23. Bxa8 Rxa8 24. Qd4 Qc7 25. Rc1
Rc8 26. h3 c3 27. Rc2 h6 28. a4 g6 29. Kh2 Kg7 30. Qb4 g5 31. Qd4 Qc5 32. Qxc5
Rxc5 33. fxg5 hxg5 34. g4 Rxe5 35. Rxc3 Re2+ 36. Kg3 Ra2 37. Rc4 Kf6 38. Rb4
Ra3+ 39. Kg2 Ke5 40. Rb5+ Kf4 41. Rb4+ Ke3 42. Rb5 Rxa4 43. Rxg5 Kf4 44. Rg7
Ra2+ 45. Kf1 Ra7 46. g5 Kf3 47. Ke1 e5 48. g6 Ra1+ 49. Kd2 f5 50. Re7 e4 51. g7
Ra2+ 52. Kc3 Ra8 53. Rf7 Rg8 54. Rxf5+ Kg3 55. Rg5+ Kh4 56. Rg1 Kh5 {1/2-1/2
Unzicker,W (2480)-Vogt,L (2505)/Bad Wildbad 1990/CBM 020 ext}) 11... Qa5 12.
Nd5 Qd8 13. Nxe7+ Qxe7 14. e5 Ng4 15. Nf3 (15. exd6 Qxd6 16. Nb3 Rd8 17. Bc5
$44) 15... dxe5 16. fxe5 Nc6 17. Ng5 h6 $1 (17... Nxe3 18. Bxh7+ Kh8 19. Qxe3
Nxe5 20. Bg6 $1) 18. Nh7 (18. Nf3 Ngxe5 $17) 18... Rd8 19. Nf6+ gxf6 20. exf6
Qd6 21. Rf4 e5 22. Rxg4+ Bxg4 23. Qf2 h5 24. Bc5 Qd5 25. Qe3 Rd6 $2 (25... e4
26. Bxe4 Qd2 (26... Qe5 27. Rf1 Rd2) 27. Qg3 Nd4 28. Kh1 Rac8 $19) 26. h3 $2 ({
Las blancas tenìan el empate a la mano mediante} 26. Qh6 Qxc5+ (26... Rxf6 $4
27. Qh7#) 27. Kh1 Rxf6 28. Bh7+ Kh8 29. Bg6+ Kg8 30. Bh7+ $11) 26... Rxf6 27.
hxg4 e4 28. Bxe4 Qe5 29. Rd1 Re8 30. Re1 (30. gxh5) 30... hxg4 $19 31. Bxa7
Nxa7 32. Qxa7 (32. Bh7+ Kxh7 33. Qxe5 Rxe5 34. Rxe5 Nc6 $19) 32... Kg7 33. Re2
Qa1+ 34. Kh2 Rh8+ 35. Kg3 Qe5+ 0-1

[Event "ARG-ch55"]
[Site "Quilmes"]
[Date "1980.06.09"]
[Round "7"]
[White "Cuasnicu, Oscar"]
[Black "Najdorf, Miguel"]
[Result "0-1"]
[WhiteElo "2400"]
[BlackElo "2510"]
[Annotator "ChessBase"]
[PlyCount "92"]
[EventDate "1980.05.28"]
[EventType "swiss"]
[EventRounds "13"]
[EventCountry "ARG"]
[SourceTitle "MCL"]
[Source "ChessBase"]
[SourceDate "1999.07.01"]
[SourceVersion "1"]
[SourceVersionDate "1999.07.01"]
[SourceQuality "1"]

1. e4 c5 2. Nf3 d6 3. d4 cxd4 4. Nxd4 Nf6 5. Nc3 e6 6. Be2 Be7 7. O-O O-O 8.
Kh1 Nc6 9. f4 Bd7 10. Nf3 a6 11. a4 Qc7 12. Bd3 Nb4 13. e5 Ne8 14. Be3 Bc6 15.
Qe2 Nxd3 16. cxd3 dxe5 17. Nxe5 Rc8 18. a5 Nf6 19. Bb6 Qd6 20. d4 Nd7 21. Nxd7
Qxd7 22. f5 exf5 23. d5 Bb5 24. Nxb5 axb5 25. Qd3 g6 26. Be3 Bd6 27. Bh6 Rfe8
28. Rfe1 Re5 29. Rxe5 Bxe5 30. Qe2 Qd6 31. g3 f6 32. Rd1 Rc4 33. Qf2 Kf7 34.
Qa7 $2 (34. Be3 $1) 34... g5 35. Qxb7+ Rc7 36. Qxb5 Kg6 37. Qd3 Kxh6 38. Qxf5
Bxb2 39. Qd3 Be5 40. Qe2 Rc5 41. Qa2 Qa6 42. Qg2 Rxa5 43. Qh3+ Kg6 44. Qd7 Qa8
45. h4 Ra7 46. Qg4 Ra1 0-1

[Event "Rilton Cup 18th"]
[Site "Stockholm"]
[Date "1988.??.??"]
[Round "?"]
[White "Smirin, Ilia"]
[Black "Vogt, Lothar"]
[Result "1-0"]
[WhiteElo "2500"]
[BlackElo "2485"]
[Annotator "ChessBase"]
[PlyCount "77"]
[EventDate "1988.12.??"]
[EventType "swiss"]
[EventRounds "9"]
[EventCountry "SWE"]
[SourceTitle "CBM 011"]
[Source "ChessBase"]
[SourceDate "1989.08.01"]
[SourceVersion "1"]
[SourceVersionDate "1989.08.01"]
[SourceQuality "1"]

1. e4 c5 2. Nf3 e6 3. Nc3 d6 4. d4 cxd4 5. Nxd4 Nf6 6. f4 Nc6 7. Be2 Be7 8. Be3
O-O 9. Qd2 e5 10. Nb3 (10. Nf5 Bxf5 $1 (10... Nxe4 $6 11. Nxe7+ Qxe7 12. Nxe4
exf4 13. Bxf4 Qxe4 14. Bxd6 Rd8 15. O-O-O $14) 11. exf5 exf4 12. Bxf4 d5 $1 $10
) 10... a5 11. a4 exf4 12. Bxf4 Be6 13. Nd4 (13. O-O-O $5 Bxb3 14. cxb3 Qb6 $13
) 13... Nxd4 14. Qxd4 d5 $1 15. e5 Ne4 16. Nxe4 dxe4 17. Qxe4 (17. O-O-O Qxd4
18. Rxd4 Bc5 $10 19. Rxe4 $2 Bd5 $19) 17... Bd5 18. Qf5 Bxg2 19. Rg1 Bh4+ 20.
Bg3 Bxg3+ (20... g6 $4 21. Rxg2 $1 $18) 21. hxg3 Bc6 22. Bd3 g6 23. Qf4 Qc7 $6
(23... Qd5 $1 24. O-O-O Qa2 25. Qh6 $1 Qa1+ 26. Kd2 Qxb2 27. Rh1 Qb4+ 28. Ke3
Qc5+ $10) 24. O-O-O Rae8 25. Rde1 f6 $2 {>= 25...Te7 /\ 26...Rfe8 +/=} 26. Qc4+
Kh8 (26... Qf7 27. exf6 $1) 27. Bxg6 $1 Rxe5 (27... hxg6 28. Rh1+ Kg7 29. exf6+
Rxf6 {29...Kxf6 30.Qh4} 30. Rxe8 Qf7 31. Rh7+ Kxh7 32. Qh4+ Kg7 33. Qh8#) 28.
Qh4 Rxe1+ 29. Rxe1 Qg7 30. Bd3 Qg5+ (30... Re8 31. Rf1 $16) 31. Qxg5 fxg5 32.
Re5 $1 (32. Re7 $6 Rf3 33. g4 Rf4 34. Bf5 Kg8) 32... g4 33. Be4 $1 (33. Rxa5
Rf3 34. Rh5 Rxg3 35. Rxh7+ Kg8 $146) 33... Bxa4 (33... Re8 34. Rxe8+ Bxe8 35.
Bxb7 Bxa4 36. c4) (33... Rf1+ 34. Kd2 Rg1 35. Bxc6 bxc6 36. Rxa5 Rg2+ 37. Kd3
Rxg3+ 38. Ke4 Rg1 39. Rc5 g3 40. Kf3 g2 41. b3 $1) (33... Bxe4 34. Rxe4 h5 35.
Re5 $18) 34. Rxa5 Be8 (34... Bc6 35. Bxc6 bxc6 36. Rg5 $18) 35. Bxb7 Rf1+ 36.
Kd2 Bg6 37. c4 Rf2+ 38. Kc3 Kg7 39. Rg5 $1 $138 1-0

[Event "Rostock-10 GM Group"]
[Site "Rostock"]
[Date "1984.08.15"]
[Round "5"]
[White "Vogt, Lothar"]
[Black "Boensch, Uwe"]
[Result "1/2-1/2"]
[WhiteElo "2485"]
[BlackElo "2425"]
[Annotator "ChessBase"]
[PlyCount "85"]
[EventDate "1984.08.11"]
[EventType "tourn"]
[EventRounds "9"]
[EventCountry "DDR"]
[EventCategory "8"]
[SourceTitle "MCL"]
[Source "ChessBase"]
[SourceDate "1999.07.01"]
[SourceVersion "1"]
[SourceVersionDate "1999.07.01"]
[SourceQuality "1"]

1. e4 c5 2. Nf3 d6 3. d4 cxd4 4. Nxd4 Nf6 5. Nc3 e6 6. Be2 Nc6 7. Be3 Be7 8.
O-O O-O 9. f4 Bd7 10. Kh1 Nxd4 11. Bxd4 (11. Qxd4 Bc6 12. Rad1 Qb8 $5) 11...
Bc6 12. Bd3 Qd7 (12... Nd7 13. Qe2 a6 14. Rad1 b5 15. Rf3 e5 16. Be3 Bf6 17.
Nd5 Bxd5 18. exd5 Re8 $10) 13. a4 b6 14. Qf3 g6 15. b3 Rac8 16. Rae1 Ba8 17.
Nd1 d5 18. e5 Ne4 19. Qe3 f5 20. exf6 Bxf6 21. Nf2 Bxd4 22. Qxd4 Qg7 23. Qxg7+
Kxg7 24. Ng4 Rc3 25. Bxe4 dxe4 26. Ne3 e5 27. g3 exf4 28. Rxf4 Rd8 29. Kg1 Bc6
30. Rf2 h5 31. Rd1 Re8 32. Re2 Re7 33. Rd6 Bb7 34. Rd4 Ba6 35. Re1 Bb7 36. Rc4
Rxc4 37. Nxc4 Kf6 38. Kf2 Bd5 39. Nd2 Ke5 40. Ke3 Rc7 41. c4 Bc6 42. Rc1 Rd7
43. Rc3 1/2-1/2

[Event "Niksic International"]
[Site "Niksic"]
[Date "1978.06.??"]
[Round "2"]
[White "Ljubojevic, Ljubomir"]
[Black "Ivanovic, Bozidar"]
[Result "1-0"]
[WhiteElo "2605"]
[BlackElo "2460"]
[Annotator "Dolmatov,S"]
[PlyCount "69"]
[EventDate "1978.06.??"]
[EventType "tourn"]
[EventRounds "11"]
[EventCountry "YUG"]
[EventCategory "13"]
[SourceTitle "MCL"]
[Source "ChessBase"]
[SourceDate "1999.07.01"]
[SourceVersion "1"]
[SourceVersionDate "1999.07.01"]
[SourceQuality "1"]

1. e4 c5 2. Nf3 Nc6 3. d4 cxd4 4. Nxd4 Nf6 5. Nc3 d6 6. Be2 e6 7. O-O Be7 8.
Be3 O-O 9. f4 Qc7 10. Kh1 Bd7 (10... a6 11. a4 Re8) 11. Qe1 Nxd4 12. Bxd4 Bc6
13. Qg3 g6 14. Bf3 Rfd8 $6 (14... b5 15. a3 a6 $10) 15. a4 b6 (15... a6 16. a5
Nd7 $14) 16. Rae1 Rac8 17. h4 Be8 $6 (17... d5 $5 18. Be5 Qb7 19. exd5 Nxd5 20.
h5 $13) 18. h5 Qc4 $6 19. Rd1 Qb4 20. Qh4 e5 21. hxg6 hxg6 (21... exd4 $2 22.
Nd5 $18) 22. fxe5 dxe5 23. Bxe5 $16 Nh7 24. Qh2 Rxd1 25. Rxd1 Qxb2 26. Nd5 Qa3
27. Bb2 Qd6 (27... Qc5 28. Qe5 $18) 28. Nf6+ Qxf6 29. Bxf6 Bxf6 $18 30. e5 Be7
31. Bd5 Ng5 32. Qh6 Ne6 33. Bxe6 fxe6 34. Rd3 Rc4 35. Rh3 1-0

[Event "YUG-chT"]
[Site "Tivat"]
[Date "1995.??.??"]
[Round "5"]
[White "Svidler, Peter"]
[Black "Maksimenko, Andrei"]
[Result "1-0"]
[WhiteElo "2635"]
[BlackElo "2550"]
[Annotator "Dolmatov,S"]
[PlyCount "51"]
[EventDate "1995.??.??"]
[EventType "team-swiss"]
[EventRounds "11"]
[EventCountry "YUG"]
[SourceTitle "CBM 048 Extra"]
[Source "ChessBase"]
[SourceDate "1995.11.01"]
[SourceVersion "1"]
[SourceVersionDate "1995.11.01"]
[SourceQuality "1"]

1. e4 c5 2. Nf3 d6 3. d4 cxd4 4. Nxd4 Nf6 5. Nc3 a6 6. Be3 e6 7. Be2 Be7 8. f4
Nc6 (8... O-O 9. Qd2 (9. g4 $5 e5 (9... b5 10. g5 Nfd7 11. a3 Bb7 12. Qd2 $40)
10. Nf5) 9... Qc7 10. O-O-O b5 $132) 9. Qd2 $5 Qc7 (9... O-O 10. O-O-O Qc7 11.
g4 b5 12. g5 Nd7 13. f5 b4 (13... Nxd4 14. Bxd4 b4 15. f6 bxc3 16. Bxc3 Bd8 17.
fxg7 Re8 18. Rhf1 $16) 14. f6 gxf6 15. Rhg1 bxc3 16. Qxc3 $40) (9... e5 10. Nf3
exf4 11. Bxf4 O-O 12. O-O-O $14) 10. O-O-O $40 Na5 $6 (10... b5 $2 11. Nxc6
Qxc6 12. Bf3 $16) (10... Nxd4 11. Bxd4 b5 12. e5 $40) 11. g4 Nc4 $6 (11... h6
$5 12. g5 (12. h4 Nc4 13. Bxc4 Qxc4 14. g5 Ng4) 12... hxg5 13. fxg5 Nd7 14. g6
Ne5 15. gxf7+ Kxf7 16. Rdf1+ Bf6 $16) 12. Bxc4 Qxc4 13. g5 Nd7 (13... Ng4 14.
Bg1 e5 15. h3 $1 (15. fxe5 $6 Nxe5 16. Kb1 $14) (15. Nf5 $6 Bxf5 16. exf5 exf4
17. h3 Ne5) 15... exd4 16. Bxd4 $16) 14. Kb1 b5 15. Rhe1 b4 (15... Bb7 16. a3
b4 17. axb4 Qxb4 18. e5 dxe5 19. Nxe6 $16) 16. Na4 Rb8 $6 (16... Bb7 17. b3 Qc7
18. Bf2 $16) 17. f5 Ne5 (17... e5 18. b3 Qc7 19. Ne2 $16) 18. f6 gxf6 (18...
Bf8 19. Bf4 $40) 19. gxf6 Bd8 (19... Bxf6 20. Nf5 $3 exf5 21. Qxd6 Nd7 22. exf5
$16) 20. Bf4 $18 Qc7 (20... Bb7 21. Nf5 exf5 22. Qxd6 $16) 21. Bxe5 dxe5 22.
Nc6 Bxf6 23. Nxb8 Qxb8 24. Nc5 Be7 25. Nd3 a5 26. Qh6 1-0